Leadership in military organization: how to change the relationships in valuable intangible asset

Vodcovstvo a jeho výklad. Vodcovstvo a osobný vzťah. Vodcovstvo ako nehmotný majetok. Vývoj vodcovstva vo vojenských organizáciách.

Salvato in:
Dettagli Bibliografici
Autore principale: Maliowski, Piotr
Natura: Capitolo di libro
Lingua:inglese
Soggetti:
Tags: Aggiungi Tag
Nessun Tag, puoi essere il primo ad aggiungerne!!

MARC

LEADER 00000naa a2200000 4500
001 0184118
005 20231106131001.7
041 0 |a eng 
044 |a SK 
245 1 0 |a Leadership in military organization: how to change the relationships in valuable intangible asset  |c Piotr Maliowski 
520 |a Vodcovstvo a jeho výklad. Vodcovstvo a osobný vzťah. Vodcovstvo ako nehmotný majetok. Vývoj vodcovstva vo vojenských organizáciách. 
610 2 0 |a vodcovstvo 
610 2 0 |a majetok nehmotný 
610 2 0 |a vojenstvo 
610 2 0 |a organizácia riadenia 
610 2 0 |a vedenie ľudí 
100 1 |a Maliowski, Piotr